EU external relations law / (Record no. 10335)

MARC details
000 -LEADER
fixed length control field 00723nam a22002292 4500
001 - CONTROL NUMBER
control field 0000024558
005 - DATE AND TIME OF LATEST TRANSACTION
control field 20151217152304.0
008 - FIXED-LENGTH DATA ELEMENTS--GENERAL INFORMATION
fixed length control field 140108s xx 000 0 eng d
020 ## - INTERNATIONAL STANDARD BOOK NUMBER
International Standard Book Number 0199659951 :
040 ## - CATALOGING SOURCE
Original cataloging agency KABU
Transcribing agency KABU
100 1# - MAIN ENTRY--PERSONAL NAME
Personal name Eeckout, Piet.
-- 0000184839
245 10 - TITLE STATEMENT
Title EU external relations law /
Statement of responsibility, etc. Piet Eeckhout.
250 ## - EDITION STATEMENT
Edition statement 2nd ed.
260 ## - PUBLICATION, DISTRIBUTION, ETC. (IMPRINT)
Place of publication, distribution, etc. Oxford :
Name of publisher, distributor, etc. O. U. P.,
Date of publication, distribution, etc. 2012.
300 ## - PHYSICAL DESCRIPTION
Extent xlix, 572 p.
610 20 - SUBJECT ADDED ENTRY--CORPORATE NAME
Corporate name or jurisdiction name as entry element European Union.
-- 0000163471
650 #0 - SUBJECT ADDED ENTRY--TOPICAL TERM
Topical term or geographic name as entry element Constitutional law
Geographic subdivision European Union countries.
-- 0000184840
651 #0 - SUBJECT ADDED ENTRY--GEOGRAPHIC NAME
Geographic name European Union countries
General subdivision Foreign relations.
-- 0000184841
852 1# - LOCATION
-- p5400 KES
908 ## - PUT COMMAND PARAMETER (RLIN)
Put command parameter 140108
950 ## - LOCAL HOLDINGS (RLIN)
-- 1
Holdings
Withdrawn status Lost status Source of classification or shelving scheme Not for loan Home library Current library Date acquired Total Checkouts Full call number Barcode Date last seen Date last checked out Price effective from Koha item type
    Library of Congress Classification   Kabarak, Main Campus Kabarak, Main Campus 17/12/2015 1 KJE5105 .E33 2012 c. 1 016372 06/12/2019 22/11/2019 17/12/2015 General Collection
Designed with assistance from East African Informatics Ltd